00685nam a2200241 a 4500001001300000003000900013005001700022008004100039020002300080082001300103100001900116245002000135260004400155300000900199500003500208505001000243650001300253700001900266902000800285942000700293952012600300999001700426nice12345678IN_TiNIC20260116013620.0050524s1993 lona grp 000 0 eng  a019507596X c35000a200bEAS aEastman, Roger aWay of Religion aLondan bOxford University Press c1993 a489p aincludes index and biblioraphy2 aIndex aReligion1 aEastman, Roger bSRS cBK 001040708StackRoom-aHMIbHMId2008-07-14g350.00l3o200 EASp015683r2019-08-08s2019-08-01v350.00w2005-05-24yBK c11664d11664